| 000 | 01277nam a2200229Ia 4500 | ||
|---|---|---|---|
| 999 |
_c53549 _d53549 |
||
| 001 | 20595 | ||
| 003 | GE_BSU | ||
| 005 | 20210329163209.0 | ||
| 008 | 181216s2017||||ge |||||||||||||| ||geo|| | ||
| 040 | _cGE_BSU | ||
| 041 | _ageo | ||
| 080 | _a82 ბ-20 | ||
| 100 |
_aბალაძე, მალხაზ _910806 |
||
| 245 |
_aმხატვრულ სახეთა სისტემა აკაკი წერეთელის პოემებში / _cმალხაზ ბალაძე; მეცნ.ხელმძღვანელი ელგუჯა მაკარაძე; ბსუ; ჰუმანიტარულ მეცნიერებატა ფაკულტეტი ქართული ფილოლოგიის დეპარტამენტი. |
||
| 264 |
_aბათუმი: _bბსუ, _c2017. |
||
| 300 |
_a207 გვ.; _b30 სმ. |
||
| 653 | _aდისერტაცია | ||
| 653 | _aმხატვრულ სახეთა სისტემა აკაკი წერეთელის პოემებში | ||
| 653 | _aფილოლოგია | ||
| 700 |
_aმაკარაძე, ელგუჯა _eმეცნ.ხელმძღვანელი _93521 |
||
| 942 |
_cBK _2udc |
||